| 000 | 01814cad a22002175a 4500 | ||
|---|---|---|---|
| 001 | L154350 | ||
| 008 | 111116s2011 xxko f 000 0 eng d | ||
| 035 | _a(Sirsi) u154350 | ||
| 041 | 0 | _aeng | |
| 050 | 0 | 4 | _a690.241 $2 18 |
| 110 | 2 |
_aEnglish Heritage _92714 |
|
| 245 | 0 | 0 |
_aHeritage counts 2011 _bEngland _h[electronic resource] |
| 260 |
_a[S.l.] _bEnglish Heritage _c2011 |
||
| 505 | 2 | _aThe historic environment and Big Society -- The historic environment in 2011: an overview -- Indicators section | |
| 520 | _aHeritage Counts is an annual publication and this year it outlines the role of the historic environment in developing and shaping our communities. It highlights how private individuals and the independent, voluntary and community sector are working with public sector organisations to help ensure our communities look after, learn from and are inspired by our heritage. This report looks at how the historic environment contributes to the following government objectives: social action encouraging and enabling people to play a more active part in society; community empowerment giving local councils and neighbourhoods more power to take decisions and shape their local area; opening up public services, voluntary sector and local groups delivering public services and managing community and public assets. The report draws on new research from The Heritage Alliance and Civic Voice to look at the role of independent heritage organisations, civic societies and volunteers in civil society. | ||
| 590 | _aKA NTK | ||
| 651 | 4 |
_aEngland _y886- |
|
| 690 | _aBUILT ENVIRONMENT-BUILDING TYPES-ANCIENT MONUMENTS AND HISTORIC BUILDINGS | ||
| 856 | 4 | 0 |
_uhttps://hc.english-heritage.org.uk/content/pub/2011/hc-2011-england.pdf _zView the report free of charge at hc.english-heritage.org.uk |
| 942 | _n0 | ||
| 999 |
_c112945 _d112945 |
||